| Tag |
First Indicator |
Second Indicator |
Subfields |
| LEADER |
00000cam a2200000Ma 4500 |
| 001 |
in00003545656 |
| 006 |
m o d |
| 007 |
cr nn||||||||| |
| 008 |
121227s1999 ne o 000 0 eng d |
| 005 |
20260420205713.2 |
| 020 |
|
|
|a 9789401150781 (electronic bk.)
|
| 020 |
|
|
|a 9401150788 (electronic bk.)
|
| 035 |
|
|
|a (OCoLC)840311085
|
| 040 |
|
|
|a I9W
|b eng
|e pn
|c I9W
|d OCLCO
|d OCLCQ
|d GW5XE
|d OCLCF
|d OCLCO
|d UtOrBLW
|
| 049 |
|
|
|a TXAM
|
| 050 |
|
4 |
|a S667.R5
|
| 082 |
0 |
4 |
|a 633.1/889
|2 21
|
| 100 |
1 |
|
|a Balasubramanian, V.
|
| 245 |
1 |
0 |
|a Resource Management in Rice Systems: Nutrients :
|b Papers presented at the International Workshop on Natural Resource Management in Rice Systems: Technology Adaption for Efficient Nutrient Use, Bogor, Indonesia, 2-5 December 1996 /
|c edited by V. Balasubramanian, J.K. Ladha, G.L. Denning.
|
| 264 |
|
1 |
|a Dordrecht :
|b Springer Netherlands :
|b Imprint :
|b Springer,
|c 1999.
|
| 300 |
|
|
|a 1 online resource (600 pages)
|
| 336 |
|
|
|a text
|b txt
|2 rdacontent
|
| 337 |
|
|
|a computer
|b c
|2 rdamedia
|
| 338 |
|
|
|a online resource
|b cr
|2 rdacarrier
|
| 490 |
1 |
|
|a Developments in plant and soil sciences ;
|v 81
|
| 520 |
|
|
|a Rice is the major staple food in Asia, and food security means rice security for most Asians. By the year 2025, we need to produce about 60% more rice than we do today to meet the growing demand. Efficient use of inputs is vital to safely produce the additional food from limited resources with minimal impact on the environment. This book reviews emerging knowledge-intensive technologies and decision aids for improved nutrient management in rice, technology adoption constraints at the farm level, and innovative approaches for field evaluation and promotion of new technologies to farmers. It is highly useful to rice scientists and development workers, students of agronomy, soil science, and plant nutrition, and crop consultants and extension workers in rice all over the world.
|
| 500 |
|
|
|a Electronic resource.
|
| 650 |
|
0 |
|a Rice
|x Fertilizers
|v Congresses.
|
| 650 |
|
0 |
|a Rice
|x Nutrition
|v Congresses.
|
| 650 |
|
0 |
|a Rice
|x Technological innovations
|v Congresses.
|
| 650 |
|
7 |
|a Rice
|x Fertilizers.
|2 fast
|0 (OCoLC)fst01097364
|
| 650 |
|
7 |
|a Rice
|x Nutrition.
|2 fast
|0 (OCoLC)fst01097406
|
| 650 |
|
7 |
|a Rice
|x Technological innovations.
|2 fast
|0 (OCoLC)fst01097445
|
| 655 |
|
7 |
|a Electronic books.
|2 local
|
| 655 |
|
7 |
|a Conference proceedings.
|2 fast
|0 (OCoLC)fst01423772
|
| 700 |
1 |
|
|a Ladha, J. K.
|
| 700 |
1 |
|
|a Denning, G. L.
|
| 710 |
2 |
|
|a SpringerLink (Online service)
|
| 830 |
|
0 |
|a Developments in plant and soil sciences ;
|v 81.
|
| 856 |
4 |
0 |
|u http://proxy.library.tamu.edu/login?url=https://link.springer.com/10.1007/978-94-011-5078-1
|z Connect to the full text of this electronic book
|t 0
|
| 994 |
|
|
|a 92
|b TXA
|
| 999 |
|
|
|a MARS
|
| 999 |
f |
f |
|s 7b45614c-7ac2-3e68-abd1-c76c2f41722a
|i 54d0c19c-b94d-3d2c-b18d-d8e7b8dabf2e
|t 0
|
| 952 |
f |
f |
|a Texas A&M University
|b College Station
|c Electronic Resources
|s www_evans
|d Available Online
|t 0
|e S667.R5
|h Library of Congress classification
|
| 998 |
f |
f |
|a S667.R5
|t 0
|l Available Online
|